Bibliography and footnotes: a style manual for students and writers (Record no. 11101)

MARC details
000 -LEADER
fixed length control field 00545nam a2200169Ia 4500
082 ## - DEWEY DECIMAL CLASSIFICATION NUMBER
Classification number 010.1 HUR-;
100 ## - MAIN ENTRY--AUTHOR NAME
Personal name Hurt, Peyton
245 #0 - TITLE STATEMENT
Title Bibliography and footnotes: a style manual for students and writers
250 ## - EDITION STATEMENT
Edition statement 3rd
260 ## - PUBLICATION, DISTRIBUTION, ETC. (IMPRINT)
Place of publication California
Name of publisher University of California Press
Year of publication 1968
300 ## - PHYSICAL DESCRIPTION
Number of Pages xii, 163p.
504 ## - BIBLIOGRAPHY, ETC. NOTE
Bibliography, etc Includes index
650 ## - SUBJECT ADDED ENTRY--TOPICAL TERM
Topical Term Bibliography - Methodology - Handbooks, manuals, etc.
650 ## - SUBJECT ADDED ENTRY--TOPICAL TERM
Topical Term Footnotes, Bibliographical
650 ## - SUBJECT ADDED ENTRY--TOPICAL TERM
Topical Term Bibliographical citations - Handbooks, manuals, etc.
942 ## - ADDED ENTRY ELEMENTS (KOHA)
Koha item type Books
Source of classification or shelving scheme Dewey Decimal Classification
Holdings
Withdrawn status Lost status Damaged status Not for loan Home library Current library Date acquired Full call number Accession Number Price effective from Koha item type
        NASSDOC Library NASSDOC Library 08/06/2004 010.1 HUR-; 5294 18/04/2019 Books